[Event "2. Bundesliga Ost 2009/2010"]
[Site "17+18.10Zwettl14+15.11Poechlarn"]
[Date "2010.02.20"]
[Round "7"]
[Board "5"]
[White "Mittermayr, Gerhard"]
[Black "Wutzlhofer, Robert"]
[Result "1-0"]
[WhiteElo "2139"]
[BlackElo "2060"]
[PlyCount "69"]
[EventDate "2009.10.17"]
[EventType "team"]
[EventRounds "11"]
[EventCountry "AUT"]
[WhiteTeam "ASVOE VHS Poechlarn"]
[BlackTeam "ASVOE SK Mattersburg"]

1.e4 c5 2.Nf3 d6 3.d4 cxd4 4.Nxd4 Nf6 5.Nc3 g6 6.Be3 Bg7 7.f3 O-O 8.Qd2 Nc6
9.Bc4 Nxd4 10.Bxd4 Be6 11.Bb3 Qa5 12.O-O-O Bxb3 13.cxb3 Rfc8 14.Kb1 Rc6 15.Bxf6
exf6 16.Nd5 Qd8 17.Rc1 a5 18.a4 Rb8 19.Qd3 Rbc8 20.Rhd1 Qe8 21.f4 f5 22.exf5
Rxc1+ 23.Rxc1 Rxc1+ 24.Kxc1 Qe1+ 25.Kc2 Qf2+ 26.Qd2 Qc5+ 27.Kb1 gxf5 28.Ka2 b5
29.axb5 Qxb5 30.Ne7+ Kh8 31.Qxd6 h5 32.Qd8+ Kh7 33.Qg8+ Kh6 34.Qxf7 Qb6 35.Nxf5+

[Event "2. Bundesliga Ost 2009/2010"]
[Site "17+18.10Zwettl14+15.11Poechlarn"]
[Date "2010.02.20"]
[Round "7"]
[Board "6"]
[White "Savio, Alfred Jun."]
[Black "Posch, Roland"]
[Result "1/2-1/2"]
[WhiteElo "2040"]
[BlackElo "2061"]
[PlyCount "63"]
[EventDate "2009.10.17"]
[EventType "team"]
[EventRounds "11"]
[EventCountry "AUT"]
[WhiteTeam "ASVOE SK Mattersburg"]
[BlackTeam "ASVOE VHS Poechlarn"]

1.c4 c5 2.Nc3 Nc6 3.g3 e6 4.Bg2 Nf6 5.Nf3 Be7 6.O-O O-O 7.e4 d6 8.d4 cxd4 9.Nxd4
Bd7 10.Be3 a6 11.Qe2 Rc8 12.Rac1 Qc7 13.Nxc6 Bxc6 14.Rfd1 Qb8 15.a4 Nd7 16.b4
Ne5 17.f4 Ng6 18.b5 Bd7 19.c5 Rfd8 20.cxd6 Bxd6 21.Bb6 Bc7 22.Qe3 Bxb6 23.Qxb6
Qc7 24.Qxc7 Rxc7 25.Ne2 Rxc1 26.Nxc1 Nf8 27.e5 Rb8 28.Bf1 axb5 29.axb5 Rc8
30.Nb3 Rc3 31.Rd3 Rxd3 32.Bxd3

[Event "2. Bundesliga Ost 2009/2010"]
[Site "17+18.10Zwettl14+15.11Poechlarn"]
[Date "2010.03.27"]
[Round "8"]
[Board "1"]
[White "Wukits, Rene"]
[Black "Cvek, Robert"]
[Result "1/2-1/2"]
[WhiteElo "2331"]
[BlackElo "2518"]
[PlyCount "58"]
[EventDate "2009.10.17"]
[EventType "team"]
[EventRounds "11"]
[EventCountry "AUT"]
[WhiteTeam "SV Tschaturanga Neubau"]
[BlackTeam "ASVOE SK Mattersburg"]

1.d4 Nf6 2.c4 e6 3.Nc3 Bb4 4.e3 b6 5.Bd3 Bb7 6.Nf3 O-O 7.O-O Bxc3 8.bxc3 c5 9.a4
Be4 10.Bxe4 Nxe4 11.Qd3 f5 12.Ne1 Nc6 13.f3 Nf6 14.e4 fxe4 15.fxe4 e5 16.dxc5
bxc5 17.Bg5 h6 18.Bxf6 Rxf6 19.Nc2 Kh7 20.Ne3 Rb8 21.Rxf6 Qxf6 22.Rf1 Qe6 23.Qd5
Rb3 24.Rf7 Rxc3 25.Nf5 Rc1+ 26.Kf2 Rc2+ 27.Kf1 Rc1+ 28.Kf2 Rc2+ 29.Kf1 Rc1+

[Event "2. Bundesliga Ost 2009/2010"]
[Site "17+18.10Zwettl14+15.11Poechlarn"]
[Date "2010.03.27"]
[Round "8"]
[Board "2"]
[White "Petran, Peter"]
[Black "Kreindl, Helmut"]
[Result "1-0"]
[WhiteElo "2361"]
[BlackElo "2194"]
[PlyCount "81"]
[EventDate "2009.10.17"]
[EventType "team"]
[EventRounds "11"]
[EventCountry "AUT"]
[WhiteTeam "ASVOE SK Mattersburg"]
[BlackTeam "SV Tschaturanga Neubau"]

1.g3 d5 2.Bg2 Nf6 3.d3 c6 4.Nf3 Bg4 5.Nbd2 Nbd7 6.O-O e6 7.b3 a5 8.a3 Be7 9.Bb2
O-O 10.h3 Bh5 11.e3 Qc7 12.g4 Bg6 13.Nh4 Ne8 14.Nxg6 hxg6 15.f4 Bf6 16.d4 Nd6
17.Rc1 Qb6 18.c4 dxc4 19.Nxc4 Nxc4 20.Rxc4 Rfd8 21.g5 Be7 22.Qc2 Nf8 23.h4 Rd7
24.Be4 Rad8 25.Rf2 f5 26.Bf3 Rc7 27.Qc3 Bd6 28.Rc2 Rdc8 29.Kg2 Qa7 30.h5 gxh5
31.Ra4 b6 32.Bxh5 c5 33.Qd3 cxd4 34.Rxc7 Rxc7 35.Rxd4 Bc5 36.Rd8 Be7 37.Re8 Rc5
38.Bd4 Qd7 39.Rb8 e5 40.fxe5 Bxg5 41.Rxf8+

[Event "2. Bundesliga Ost 2009/2010"]
[Site "17+18.10Zwettl14+15.11Poechlarn"]
[Date "2010.03.27"]
[Round "8"]
[Board "3"]
[White "Wallner, Alfred"]
[Black "Riedner, Martin"]
[Result "1/2-1/2"]
[WhiteElo "2285"]
[BlackElo "2189"]
[PlyCount "80"]
[EventDate "2009.10.17"]
[EventType "team"]
[EventRounds "11"]
[EventCountry "AUT"]
[WhiteTeam "SV Tschaturanga Neubau"]
[BlackTeam "ASVOE SK Mattersburg"]

1.e4 e6 2.d4 d5 3.Nd2 Be7 4.Ngf3 Nf6 5.e5 Nfd7 6.Bd3 c5 7.c3 Nc6 8.O-O Qb6
9.dxc5 Qc7 10.Nb3 Ndxe5 11.Nxe5 Qxe5 12.Be3 Qc7 13.Nd4 O-O 14.b4 e5 15.Nf5 Bf6
16.f3 Be6 17.Qe1 d4 18.Bd2 dxc3 19.Bxc3 Nd4 20.Nxd4 exd4 21.Bd2 Rfe8 22.Qc1 Bd5
23.Qc2 g6 24.Rae1 Rxe1 25.Bxe1 Be5 26.g3 Rd8 27.f4 Bg7 28.f5 b6 29.fxg6 hxg6
30.cxb6 Qxb6 31.Qc5 Qe6 32.Bd2 Be5 33.Re1 Qh3 34.Bf1 Qh8 35.Qe7 Bf6 36.Qe8+ Rxe8
37.Rxe8+ Kg7 38.Rxh8 Kxh8 39.a3 Be4 40.Bg2 Bd3

[Event "2. Bundesliga Ost 2009/2010"]
[Site "17+18.10Zwettl14+15.11Poechlarn"]
[Date "2010.03.27"]
[Round "8"]
[Board "4"]
[White "Brod, Manfred"]
[Black "Lenz, Alarich"]
[Result "1-0"]
[WhiteElo "2165"]
[BlackElo "2224"]
[PlyCount "45"]
[EventDate "2009.10.17"]
[EventType "team"]
[EventRounds "11"]
[EventCountry "AUT"]
[WhiteTeam "ASVOE SK Mattersburg"]
[BlackTeam "SV Tschaturanga Neubau"]

1.e4 c5 2.Nf3 d6 3.d4 cxd4 4.Nxd4 Nf6 5.Nc3 e6 6.Be2 Be7 7.O-O O-O 8.f4 Nc6
9.Kh1 Bd7 10.Be3 Nxd4 11.Bxd4 Bc6 12.Bd3 Qc7 13.e5 Nd7 14.Nb5 Bxb5 15.Bxh7+ Kxh7
16.Qh5+ Kg8 17.exd6 Qxd6 18.Bxg7 Kxg7 19.Qg4+ Kh8 20.Rf3 Nf6 21.Rh3+ Nh7 22.Qh5
Bh4 23.Qxh4

[Event "2. Bundesliga Ost 2009/2010"]
[Site "17+18.10Zwettl14+15.11Poechlarn"]
[Date "2010.03.27"]
[Round "8"]
[Board "5"]
[White "Ponjican, Erich"]
[Black "Salamon, Werner"]
[Result "1/2-1/2"]
[WhiteElo "2170"]
[BlackElo "2130"]
[PlyCount "98"]
[EventDate "2009.10.17"]
[EventType "team"]
[EventRounds "11"]
[EventCountry "AUT"]
[WhiteTeam "SV Tschaturanga Neubau"]
[BlackTeam "ASVOE SK Mattersburg"]

1.e4 e5 2.Nf3 Nc6 3.Bb5 d6 4.d4 Bd7 5.d5 Nb8 6.Bxd7+ Nxd7 7.c4 Ngf6 8.Nc3 Be7
9.O-O O-O 10.Ne1 h6 11.Nd3 Nh7 12.f4 exf4 13.Bxf4 Bg5 14.Bg3 Bh4 15.Bf4 Bg5
16.g3 b6 17.Qf3 Nc5 18.e5 Nxd3 19.Qxd3 dxe5 20.Bxe5 Bf6 21.Rae1 Bxe5 22.Rxe5 Qd7
23.Rfe1 Rae8 24.Nb5 Rxe5 25.Rxe5 c6 26.Nd4 cxd5 27.Rxd5 Qa4 28.a3 Nf6 29.Rd6 Re8
30.Nf5 Re6 31.Nxh6+ gxh6 32.Rxe6 fxe6 33.Qg6+ Kh8 34.Qxf6+ Kh7 35.Qf7+ Kh8
36.Qxe6 Qd1+ 37.Kg2 Qc2+ 38.Kh3 Kg7 39.b4 Qc1 40.a4 Qf1+ 41.Kh4 Qc1 42.Qe7+ Kg6
43.Qd6+ Kg7 44.Qd4+ Kg6 45.Qg4+ Kh7 46.a5 Qb2 47.axb6 Qf6+ 48.Kh3 Qf1+ 49.Kh4
Qf6+

[Event "2. Bundesliga Ost 2009/2010"]
[Site "17+18.10Zwettl14+15.11Poechlarn"]
[Date "2010.03.27"]
[Round "8"]
[Board "6"]
[White "Savio, Alfred Jun."]
[Black "Petschar, Hans"]
[Result "1-0"]
[WhiteElo "2040"]
[BlackElo "2086"]
[PlyCount "101"]
[EventDate "2009.10.17"]
[EventType "team"]
[EventRounds "11"]
[EventCountry "AUT"]
[WhiteTeam "ASVOE SK Mattersburg"]
[BlackTeam "SV Tschaturanga Neubau"]

1.c4 Nf6 2.Nc3 g6 3.g3 Bg7 4.Bg2 d6 5.Nf3 O-O 6.O-O e5 7.d3 Nbd7 8.Qc2 a5 9.b3
Nc5 10.Bb2 Nh5 11.e3 Ne6 12.Na4 f5 13.c5 Nf6 14.Nd2 f4 15.Rad1 fxe3 16.fxe3 Ng4
17.Rde1 Rxf1+ 18.Nxf1 d5 19.e4 d4 20.Bc1 Qe7 21.Bd2 Bd7 22.Rc1 Kh8 23.h3 Nh6
24.Nh2 Nf7 25.Nf3 Neg5 26.Kh2 Nxf3+ 27.Bxf3 h5 28.Bg2 Ng5 29.Rf1 Ne6 30.Qc1 Bf6
31.Qc2 h4 32.Be1 Rf8 33.g4 Bg5 34.Bxa5 Rxf1 35.Bxf1 Qf7 36.Bg2 Qf4+ 37.Kh1 Qg3
38.Qe2 Bf4 39.Bf1 Ng5 40.Be1 Qe3 41.Qxe3 dxe3 42.Bxh4 Bxa4 43.bxa4 Nf3 44.c6
bxc6 45.Bf6+ Kh7 46.a5 Nd4 47.a6 Nb5 48.d4 Na7 49.dxe5 g5 50.e6 Kg6 51.Bd4

[Event "2. Bundesliga Ost 2009/2010"]
[Site "17+18.10Zwettl14+15.11Poechlarn"]
[Date "2010.03.27"]
[Round "8"]
[Board "1"]
[White "Hangweyrer, Manfred"]
[Black "Farago, Ivan"]
[Result "1/2-1/2"]
[WhiteElo "2348"]
[BlackElo "2511"]
[PlyCount "41"]
[EventDate "2009.10.17"]
[EventType "team"]
[EventRounds "11"]
[EventCountry "AUT"]
[WhiteTeam "Austria Wien"]
[BlackTeam "ASVOE VHS Poechlarn"]

1.e4 e6 2.d4 d5 3.exd5 exd5 4.Nf3 Bd6 5.c4 Nf6 6.Nc3 O-O 7.cxd5 Nbd7 8.Bd3 Re8+
9.Kf1 Nb6 10.Bg5 Be7 11.Ne5 h6 12.Bxf6 Bxf6 13.f4 Nxd5 14.Nxd5 Qxd5 15.Bc4 Qe4
16.Bxf7+ Kf8 17.Bxe8 Qxf4+ 18.Qf3 Qxf3+ 19.Nxf3 Kxe8 20.Kf2 Be6 21.Rac1

[Event "2. Bundesliga Ost 2009/2010"]
[Site "17+18.10Zwettl14+15.11Poechlarn"]
[Date "2010.03.27"]
[Round "8"]
[Board "2"]
[White "Kostic, Vladimir"]
[Black "Nagy, Bence"]
[Result "1-0"]
[WhiteElo "2430"]
[BlackElo "2305"]
[PlyCount "71"]
[EventDate "2009.10.17"]
[EventType "team"]
[EventRounds "11"]
[EventCountry "AUT"]
[WhiteTeam "ASVOE VHS Poechlarn"]
[BlackTeam "Austria Wien"]

1.Nf3 Nf6 2.d4 d5 3.c4 c6 4.cxd5 cxd5 5.Nc3 Nc6 6.e3 a6 7.Bd3 e6 8.O-O Bd6 9.e4
dxe4 10.Nxe4 Nxe4 11.Bxe4 Ne7 12.Ng5 h6 13.Nf3 O-O 14.Qb3 Bd7 15.Ne5 Bb5 16.Re1
Nc6 17.Bxc6 Bxc6 18.Nxc6 bxc6 19.Be3 Qh4 20.g3 Qh5 21.Qc4 Rfc8 22.Rac1 a5 23.b3
Bb4 24.Re2 Ba3 25.Rcc2 Bd6 26.Re1 Rab8 27.Qe2 Qd5 28.Rc4 Rb4 29.Rec1 h5 30.h4
Rxc4 31.Qxc4 Qf3 32.Qa6 Rc7 33.Qxa5 Bxg3 34.Qg5 Bd6 35.Qd8+ Kh7 36.Qxd6

[Event "2. Bundesliga Ost 2009/2010"]
[Site "17+18.10Zwettl14+15.11Poechlarn"]
[Date "2010.03.27"]
[Round "8"]
[Board "3"]
[White "Liedl, Wolfgang"]
[Black "Rumpl, Erwin"]
[Result "1/2-1/2"]
[WhiteElo "2211"]
[BlackElo "2334"]
[PlyCount "83"]
[EventDate "2009.10.17"]
[EventType "team"]
[EventRounds "11"]
[EventCountry "AUT"]
[WhiteTeam "Austria Wien"]
[BlackTeam "ASVOE VHS Poechlarn"]

1.d4 Nf6 2.c4 e6 3.Nc3 Bb4 4.Qc2 Nc6 5.Nf3 d6 6.Bd2 O-O 7.a3 Bxc3 8.Bxc3 Qe7
9.g3 e5 10.d5 Nb8 11.Bg2 a5 12.O-O a4 13.Nd2 Nbd7 14.Bb4 Nc5 15.Bxc5 dxc5 16.Nb1
Ne8 17.Nc3 Bd7 18.f4 Nd6 19.Qd3 Ra6 20.e4 Rb8 21.Rf2 Rb6 22.Bf1 Ra6 23.Qe3 b6
24.Bd3 Re8 25.f5 f6 26.g4 h6 27.Rg2 Nf7 28.h4 Kf8 29.Kh1 Qd8 30.Rag1 Ke7 31.Kh2
Kd6 32.Bc2 Rh8 33.Rg3 Qb8 34.Qe2 Ra5 35.Bd3 Rh7 36.Kg2 Qe8 37.Kf1 Ke7 38.Qe3 Kd8
39.Ke1 Kc8 40.Kd1 Kb7 41.Kc1 Qe7 42.Kb1

[Event "2. Bundesliga Ost 2009/2010"]
[Site "17+18.10Zwettl14+15.11Poechlarn"]
[Date "2010.03.27"]
[Round "8"]
[Board "4"]
[White "Weinzettl, Ernst"]
[Black "Poecksteiner, Johann"]
[Result "1-0"]
[WhiteElo "2278"]
[BlackElo "2158"]
[PlyCount "91"]
[EventDate "2009.10.17"]
[EventType "team"]
[EventRounds "11"]
[EventCountry "AUT"]
[WhiteTeam "ASVOE VHS Poechlarn"]
[BlackTeam "Austria Wien"]

1.e4 d5 2.exd5 Qxd5 3.Nc3 Qa5 4.b4 Qxb4 5.a4 Nf6 6.Ba3 Qa5 7.Nf3 Nbd7 8.Rb1 c6
9.Bc4 e6 10.Bxf8 Nxf8 11.O-O Ng6 12.Re1 O-O 13.Qc1 a6 14.Bf1 b5 15.axb5 axb5
16.Nd4 Bd7 17.Nb3 Qb4 18.g3 Rfd8 19.Bg2 Be8 20.Ne2 e5 21.d4 exd4 22.Nexd4 Rac8
23.c3 Qf8 24.Qb2 c5 25.Nf3 Bc6 26.Na5 Be4 27.Ra1 Rb8 28.h4 Ba8 29.Nb3 Qd6
30.Nbd2 h6 31.Ra5 Qb6 32.Rea1 b4 33.c4 Qd6 34.Ra6 Qd3 35.Qc1 Bxf3 36.Nxf3 Ne4
37.h5 Nf8 38.Ne5 Qd4 39.Qf4 Nxf2 40.Qxf7+ Kh8 41.Nc6 Nh3+ 42.Kh2 Ng5 43.Nxd4
Nxf7 44.Nc6 b3 45.Nxd8 Nxd8 46.Ra8

[Event "2. Bundesliga Ost 2009/2010"]
[Site "17+18.10Zwettl14+15.11Poechlarn"]
[Date "2010.03.27"]
[Round "8"]
[Board "5"]
[White "Rogetzer, Klaus"]
[Black "Loidl, Florian"]
[Result "0-1"]
[WhiteElo "2073"]
[BlackElo "2239"]
[PlyCount "55"]
[EventDate "2009.10.17"]
[EventType "team"]
[EventRounds "11"]
[EventCountry "AUT"]
[WhiteTeam "Austria Wien"]
[BlackTeam "ASVOE VHS Poechlarn"]

1.d4 d5 2.c4 c6 3.Nf3 Nf6 4.e3 g6 5.Nc3 Bg7 6.h3 O-O 7.Bd3 dxc4 8.Bxc4 Bf5 9.O-O
a5 10.a4 Na6 11.Qe2 Ne4 12.Nd2 Nd6 13.Bb3 Re8 14.e4 e5 15.d5 Bd7 16.dxc6 bxc6
17.Rd1 Nc5 18.Ba2 Qe7 19.Nf3 Kh8 20.Qd2 Ndxe4 21.Nxe4 Nxe4 22.Qxd7 Rad8 23.Bg5
Qxd7 24.Rxd7 Rxd7 25.Rc1 Nxg5 26.Nxg5 Bh6 27.h4 f6 28.Nf7+

[Event "2. Bundesliga Ost 2009/2010"]
[Site "17+18.10Zwettl14+15.11Poechlarn"]
[Date "2010.03.27"]
[Round "8"]
[Board "6"]
[White "Posch, Roland"]
[Black "Steiner, Johann"]
[Result "1/2-1/2"]
[WhiteElo "2061"]
[BlackElo "2065"]
[PlyCount "30"]
[EventDate "2009.10.17"]
[EventType "team"]
[EventRounds "11"]
[EventCountry "AUT"]
[WhiteTeam "ASVOE VHS Poechlarn"]
[BlackTeam "Austria Wien"]

1.e4 d5 2.exd5 Qxd5 3.Nc3 Qa5 4.Nf3 Nf6 5.d4 c6 6.Be2 Bf5 7.O-O e6 8.Ne5 Nbd7
9.Bf4 Nxe5 10.Bxe5 O-O-O 11.Bd3 Bxd3 12.Qxd3 Ng4 13.Qg3 Nxe5 14.dxe5 g6 15.Qf4
Qc7

[Event "2. Bundesliga Ost 2009/2010"]
[Site "17+18.10Zwettl14+15.11Poechlarn"]
[Date "2010.03.27"]
[Round "8"]
[Board "1"]
[White "Denk, Adolf"]
[Black "Hodisch, Juri"]
[Result "1/2-1/2"]
[WhiteElo "2257"]
[BlackElo "2349"]
[PlyCount "37"]
[EventDate "2009.10.17"]
[EventType "team"]
[EventRounds "11"]
[EventCountry "AUT"]
[WhiteTeam "SK St. Poelten"]
[BlackTeam "Aljechin/Wieden"]

1.d4 Nf6 2.Nf3 e6 3.g3 b5 4.Bg2 Bb7 5.O-O Be7 6.Nbd2 O-O 7.c4 bxc4 8.Nxc4 c5
9.dxc5 Bxc5 10.b4 Be7 11.Bf4 Bd5 12.Qb3 Nc6 13.a3 d6 14.Nfd2 Bxg2 15.Kxg2 a5
16.b5 Nd4 17.Qd3 Nxb5 18.a4 Na7 19.Bxd6

[Event "2. Bundesliga Ost 2009/2010"]
[Site "17+18.10Zwettl14+15.11Poechlarn"]
[Date "2010.03.27"]
[Round "8"]
[Board "2"]
[White "Heiny, Johannes"]
[Black "Sadilek, Maximilian"]
[Result "1-0"]
[WhiteElo "2245"]
[BlackElo "2207"]
[PlyCount "59"]
[EventDate "2009.10.17"]
[EventType "team"]
[EventRounds "11"]
[EventCountry "AUT"]
[WhiteTeam "Aljechin/Wieden"]
[BlackTeam "SK St. Poelten"]

1.d4 Nf6 2.c4 e6 3.Nf3 c5 4.d5 b5 5.dxe6 fxe6 6.cxb5 d5 7.e3 Bd6 8.Nc3 Nbd7
9.Bd3 Bb7 10.Qe2 O-O 11.e4 c4 12.Bb1 Nxe4 13.Nxe4 dxe4 14.Bxe4 Bxe4 15.Qxe4 Bb4+
16.Ke2 Nf6 17.Qxc4 Qe7 18.Rd1 Rac8 19.Qb3 Qc5 20.a4 Nd5 21.Kf1 Kh8 22.Kg1 Qc2
23.Qxc2 Rxc2 24.Nd4 Rfxf2 25.Nxc2 Rxc2 26.Be3 h5 27.Bxa7 h4 28.Rac1 Rxb2 29.Rb1
Ra2 30.Rxd5

[Event "2. Bundesliga Ost 2009/2010"]
[Site "17+18.10Zwettl14+15.11Poechlarn"]
[Date "2010.03.27"]
[Round "8"]
[Board "3"]
[White "Steiner, Bruno"]
[Black "Groetz, Harald"]
[Result "0-1"]
[WhiteElo "2184"]
[BlackElo "2332"]
[PlyCount "84"]
[EventDate "2009.10.17"]
[EventType "team"]
[EventRounds "11"]
[EventCountry "AUT"]
[WhiteTeam "SK St. Poelten"]
[BlackTeam "Aljechin/Wieden"]

1.c4 e5 2.g3 Nc6 3.Bg2 g6 4.Nc3 Bg7 5.e4 d6 6.d3 Nge7 7.Nge2 O-O 8.O-O f5 9.Nd5
Be6 10.Be3 Qd7 11.Qd2 Rf7 12.f3 Raf8 13.Rab1 Nc8 14.b3 Nd8 15.Ndc3 f4 16.gxf4
exf4 17.Bd4 Bh6 18.Qb2 Nc6 19.Nd1 Nxd4 20.Nxd4 Bg7 21.Qf2 Qe7 22.Nxe6 Qxe6
23.Qh4 Bd4+ 24.Kh1 Qf6 25.Qxf6 Rxf6 26.Rc1 Ne7 27.Nc3 Bxc3 28.Rxc3 c5 29.b4 cxb4
30.Rb3 a5 31.a3 Nc6 32.axb4 Nxb4 33.Bh3 R8f7 34.d4 Rc7 35.Rc1 b5 36.c5 dxc5
37.dxc5 Rfc6 38.Ra1 Rxc5 39.Be6+ Kg7 40.Rxa5 Nc6 41.Raxb5 Rc1+ 42.Kg2 Nd4

[Event "2. Bundesliga Ost 2009/2010"]
[Site "17+18.10Zwettl14+15.11Poechlarn"]
[Date "2010.03.27"]
[Round "8"]
[Board "4"]
[White "Schlosser, Michael"]
[Black "Juenger, Heinz"]
[Result "1/2-1/2"]
[WhiteElo "2345"]
[BlackElo "2086"]
[PlyCount "37"]
[EventDate "2009.10.17"]
[EventType "team"]
[EventRounds "11"]
[EventCountry "AUT"]
[WhiteTeam "Aljechin/Wieden"]
[BlackTeam "SK St. Poelten"]

1.e4 c5 2.Nf3 Nc6 3.d4 cxd4 4.Nxd4 Nf6 5.Nc3 e5 6.Ndb5 h6 7.Nd5 Nxd5 8.exd5 a6
9.dxc6 axb5 10.cxd7+ Bxd7 11.Qd5 Qc7 12.c3 Bc5 13.Be3 Bxe3 14.fxe3 O-O 15.Bxb5
Be6 16.Qd3 Bxa2 17.O-O Rad8 18.Qe2 Be6 19.h3

[Event "2. Bundesliga Ost 2009/2010"]
[Site "17+18.10Zwettl14+15.11Poechlarn"]
[Date "2010.03.27"]
[Round "8"]
[Board "5"]
[White "Kammerer, Roman"]
[Black "Zetthofer, Gerald"]
[Result "1-0"]
[WhiteElo "2099"]
[BlackElo "2249"]
[PlyCount "120"]
[EventDate "2009.10.17"]
[EventType "team"]
[EventRounds "11"]
[EventCountry "AUT"]
[WhiteTeam "SK St. Poelten"]
[BlackTeam "Aljechin/Wieden"]

1.e4 e6 2.d4 d5 3.Nd2 c5 4.exd5 exd5 5.Bb5+ Nc6 6.Qe2+ Be6 7.Ngf3 Bd6 8.dxc5
Bxc5 9.Nb3 Bd6 10.Nbd4 Qd7 11.O-O Nge7 12.Re1 Bg4 13.h3 Bxf3 14.Qxf3 O-O 15.Nxc6
bxc6 16.Bd3 Ng6 17.Qh5 Rfe8 18.Bd2 c5 19.c3 Bc7 20.g3 a5 21.h4 a4 22.Rxe8+ Rxe8
23.b3 a3 24.Re1 Rxe1+ 25.Bxe1 c4 26.bxc4 Qe6 27.Qe2 Ne5 28.cxd5 Qxd5 29.Be4 Qe6
30.Bg2 g6 31.f4 Bb6+ 32.Kf1 Nc4 33.Qxe6 fxe6 34.Ke2 Kf7 35.Kd3 Nd6 36.c4 Bc5
37.g4 h5 38.Bf3 hxg4 39.Bxg4 Nf5 40.h5 gxh5 41.Bxh5+ Ke7 42.Bd2 Kd6 43.Bg4 Kc6
44.Bxf5 exf5 45.Kc3 Kd6 46.Kb3 Kc7 47.Bc1 Kc6 48.Ka4 Bd6 49.Be3 Be7 50.c5 Bxc5
51.Bxc5 Kxc5 52.Kxa3 Kd4 53.Kb4 Ke4 54.a4 Kxf4 55.a5 Ke3 56.a6 f4 57.a7 f3
58.a8=Q f2 59.Qg2 Ke2 60.Kc3 Ke1

[Event "2. Bundesliga Ost 2009/2010"]
[Site "17+18.10Zwettl14+15.11Poechlarn"]
[Date "2010.03.27"]
[Round "8"]
[Board "1"]
[White "Froschauer, Hans"]
[Black "Blatny, Pavel"]
[Result "1/2-1/2"]
[WhiteElo "2126"]
[BlackElo "2407"]
[PlyCount "84"]
[EventDate "2009.10.17"]
[EventType "team"]
[EventRounds "11"]
[EventCountry "AUT"]
[WhiteTeam "ASVOE Pamhagen"]
[BlackTeam "SK Zwettl"]

1.e4 g6 2.d4 Bg7 3.Be3 d6 4.Be2 Nd7 5.Qd2 e6 6.Nc3 a6 7.f4 Ne7 8.Nf3 b5 9.Nd1
Bb7 10.Nf2 c5 11.c3 Qc7 12.O-O c4 13.Rac1 Nf6 14.Qc2 Qc6 15.Nd2 Nf5 16.d5 Nxd5
17.exd5 exd5 18.Bd4 Bxd4 19.cxd4 Ne3 20.Qc3 Nxf1 21.Rxf1 O-O-O 22.Bf3 Qb6 23.a3
a5 24.b4 axb4 25.axb4 Rhe8 26.Nb3 Re7 27.Na5 Ba8 28.Ng4 Rde8 29.Qa1 Re6 30.Nxc4
dxc4 31.Qxa8+ Kc7 32.Qd5 f5 33.Nf2 Re3 34.g4 R8e7 35.Bg2 fxg4 36.Nxg4 Rd3 37.Kh1
Rxd4 38.Qg5 Re2 39.Bf3 Rdd2 40.Qf6 h5 41.Qf7+ Kb8 42.Qf8+ Kc7

[Event "2. Bundesliga Ost 2009/2010"]
[Site "17+18.10Zwettl14+15.11Poechlarn"]
[Date "2010.03.27"]
[Round "8"]
[Board "2"]
[White "Pisk, Petr"]
[Black "Orlovic, Veljko"]
[Result "1-0"]
[WhiteElo "2346"]
[BlackElo "2122"]
[PlyCount "91"]
[EventDate "2009.10.17"]
[EventType "team"]
[EventRounds "11"]
[EventCountry "AUT"]
[WhiteTeam "SK Zwettl"]
[BlackTeam "ASVOE Pamhagen"]

1.e4 e6 2.d4 d5 3.e5 c5 4.c3 Nc6 5.Nf3 Qb6 6.Bd3 Bd7 7.O-O cxd4 8.cxd4 Nxd4
9.Nbd2 Nc6 10.Nb3 Qc7 11.Bf4 f5 12.Rc1 Nge7 13.h4 Ng6 14.Bg3 Qb6 15.Re1 Bb4
16.Re2 O-O 17.h5 Nh8 18.Bf4 Nf7 19.Nh4 Rae8 20.Re3 Nh8 21.g4 Qd8 22.Ng2 g5
23.hxg6 Nxg6 24.a3 Be7 25.gxf5 exf5 26.e6 Bc8 27.Qh5 Bd6 28.Bxd6 Qxd6 29.Bxf5
Rxf5 30.Qxf5 Bxe6 31.Qf6 d4 32.Rd1 Nce5 33.Rxd4 Qc6 34.Rxe5 Nxe5 35.Qxe5 Bxb3
36.Qg3+ Kh8 37.Qxb3 Rg8 38.Rd5 Qc1+ 39.Rd1 Qg5 40.Qc3+ Rg7 41.Qc8+ Rg8 42.Qxb7
h5 43.Qd5 Qg6 44.Qf3 Qg5 45.Rd5 Qc1+ 46.Qd1

[Event "2. Bundesliga Ost 2009/2010"]
[Site "17+18.10Zwettl14+15.11Poechlarn"]
[Date "2010.03.27"]
[Round "8"]
[Board "3"]
[White "Galavics, Hermann"]
[Black "Vykydal, Frantisek"]
[Result "1/2-1/2"]
[WhiteElo "2041"]
[BlackElo "2218"]
[PlyCount "76"]
[EventDate "2009.10.17"]
[EventType "team"]
[EventRounds "11"]
[EventCountry "AUT"]
[WhiteTeam "ASVOE Pamhagen"]
[BlackTeam "SK Zwettl"]

1.d4 Nf6 2.c4 d6 3.Nf3 Nbd7 4.Nc3 e5 5.d5 Be7 6.e4 O-O 7.Be2 Nc5 8.Qc2 Bg4 9.Be3
Bxf3 10.Bxf3 a5 11.O-O Ne8 12.Bg4 Bg5 13.Bxc5 dxc5 14.g3 Nd6 15.b3 Bf6 16.Nb5 g6
17.Rad1 h5 18.Bh3 h4 19.a4 hxg3 20.hxg3 Qe7 21.Nxd6 cxd6 22.Kg2 Kg7 23.Rh1 Rh8
24.Bg4 b6 25.Qe2 Bg5 26.Rxh8 Rxh8 27.Bh3 Rf8 28.Rf1 Re8 29.Qg4 Bf6 30.Qd7 Qxd7
31.Bxd7 Re7 32.Bc8 Kg8 33.Rh1 Bg5 34.Rd1 Kg7 35.Rh1 Re8 36.Bd7 Rd8 37.Bg4 Rf8
38.Bd7 Rd8

[Event "2. Bundesliga Ost 2009/2010"]
[Site "17+18.10Zwettl14+15.11Poechlarn"]
[Date "2010.03.27"]
[Round "8"]
[Board "5"]
[White "Horvath, Maria"]
[Black "Janetschek, Karl"]
[Result "1/2-1/2"]
[WhiteElo "2001"]
[BlackElo "2280"]
[PlyCount "87"]
[EventDate "2009.10.17"]
[EventType "team"]
[EventRounds "11"]
[EventCountry "AUT"]
[WhiteTeam "ASVOE Pamhagen"]
[BlackTeam "SK Zwettl"]

1.d4 e6 2.c4 Nf6 3.Nc3 Bb4 4.Nf3 b6 5.Bg5 h6 6.Bh4 Bb7 7.Qb3 Be7 8.Bxf6 Bxf6
9.e4 d6 10.Be2 Nd7 11.Qc2 O-O 12.O-O c5 13.d5 Bxc3 14.Qxc3 e5 15.Rfe1 g6 16.Nd2
Bc8 17.Qh3 Kg7 18.Bg4 f5 19.exf5 Nf6 20.Qg3 Nxg4 21.Qxg4 Bxf5 22.Qg3 a6 23.Re3
Ra7 24.Rae1 Qf6 25.f3 g5 26.R1e2 Qg6 27.h3 b5 28.b3 bxc4 29.bxc4 Bd3 30.Re1 Rb7
31.Qg4 Rb2 32.Ne4 Bxe4 33.Rxe4 Qf5 34.Qh5 Qf7 35.Qg4 Qf5 36.Qh5 Qg6 37.Qg4 Rf7
38.R1e3 h5 39.Qc8 a5 40.Ra3 Ra7 41.Qd8 a4 42.Qc8 Rb4 43.Kh2 Rf7 44.Qc6

[Event "2. Bundesliga Ost 2009/2010"]
[Site "17+18.10Zwettl14+15.11Poechlarn"]
[Date "2010.03.27"]
[Round "8"]
[Board "6"]
[White "Lipp, Alfred"]
[Black "Rusek, Walter"]
[Result "1-0"]
[WhiteElo "2106"]
[BlackElo "1849"]
[PlyCount "71"]
[EventDate "2009.10.17"]
[EventType "team"]
[EventRounds "11"]
[EventCountry "AUT"]
[WhiteTeam "SK Zwettl"]
[BlackTeam "ASVOE Pamhagen"]

1.d4 d5 2.c4 c6 3.Nf3 Nf6 4.Nc3 dxc4 5.a4 Bf5 6.e3 e6 7.Bxc4 Bb4 8.O-O O-O 9.Qe2
Nbd7 10.e4 Bg6 11.Bd3 Bh5 12.h3 Bxf3 13.Qxf3 e5 14.d5 cxd5 15.Nxd5 Be7 16.Nxe7+
Qxe7 17.Bd2 a5 18.Bc3 Nc5 19.Bc2 Qe6 20.Qe2 Rfd8 21.Rfd1 Rd7 22.Rxd7 Nfxd7
23.Qb5 Qa6 24.b4 axb4 25.Qxb4 Qe2 26.Ra2 Ra6 27.Bxe5 Nxe5 28.Qxc5 Nf3+ 29.gxf3
Rc6 30.Qd4 h5 31.Qd8+ Kh7 32.Qd1 Rg6+ 33.Kh1 Qxf2 34.Bb1 Qg3 35.e5 Qxh3+ 36.Rh2